[Event "EU-ch Blitz"]
[Site "Katowice"]
[Date "2022.12.16"]
[Round "11"]
[White "Orzech, Dominik"]
[Black "Galuszka, Tomasz"]
[Result "1-0"]
[WhiteElo "2313"]
[BlackElo "2184"]
[PlyCount "85"]
[EventDate "2022.12.16"]
[EventType "swiss (blitz)"]
[EventRounds "22"]
[EventCountry "POL"]
[SourceTitle "CBM 211 Extra"]
[Source "ChessBase"]
[SourceDate "2023.01.31"]
[SourceVersion "1"]
[SourceVersionDate "2023.01.31"]
[SourceQuality "1"]

1. Nf3 d5 2. c4 e6 3. d4 c6 4. Nc3 Nf6 5. cxd5 exd5 6. Bg5 Be7 7. Qc2 Nbd7 8. e3 0-0 9. Bd3 Re8 10. 0-0 Nf8 11. Rab1 Ne4 12. Bf4 Nxc3 13. bxc3 Bd6 14. Ne5 f6 15. Nf3 Bxf4 16. exf4 b5 17. a4 a6 18. Ra1 Bg4 19. Nd2 Qd6 20. h3 Be2 21. Bxe2 Rxe2 22. Qd3 Rae8 23. g3 Nd7 24. axb5 cxb5 25. Nf3 R2e7 26. Ra2 Qb6 27. Rfa1 Nb8 28. Qf5 Qc6 29. Ra3 Qe6 30. Qh5 Qe4 31. Kg2 g6 32. Qh4 Qf5 33. R3a2 Re2 34. Qg4 Qxg4 35. hxg4 Kg7 36. g5 Rxa2 37. Rxa2 Re6 38. gxf6+ Kxf6 39. Ne5 Ke7 40. Ra1 Nd7 41. Nd3 Kd8 42. Nb4 Re2 43. Rxa6 1-0

[Event "POL-chT 1st League"]
[Site "Sypniewo"]
[Date "2022.09.06"]
[Round "4.4"]
[White "Wojdak, Jan"]
[Black "Galuszka, Tomasz"]
[Result "1/2-1/2"]
[WhiteElo "2081"]
[BlackElo "2157"]
[PlyCount "129"]
[EventDate "2022.09.03"]
[EventType "team-swiss"]
[EventRounds "9"]
[EventCountry "POL"]
[SourceTitle "CBM 210 Extra"]
[Source "ChessBase"]
[SourceDate "2022.11.30"]
[SourceVersion "1"]
[SourceVersionDate "2022.11.30"]
[SourceQuality "1"]
[WhiteTeam "Rybnik"]
[BlackTeam "Jastrzebie Zdroj Pionier"]
[WhiteTeamCountry "POL"]
[BlackTeamCountry "POL"]

1. e4 c6 2. d4 d5 3. exd5 cxd5 4. Bd3 Nc6 5. c3 Qc7 6. Na3 a6 7. Nc2 Nf6 8. h3 e6 9. Nf3 Bd6 10. 0-0 Ne7 11. Re1 Ng6 12. Bg5 0-0 13. Bxf6 gxf6 14. Ne3 Kh8 15. Ng4 f5 16. Nge5 f6 17. Nxg6+ hxg6 18. Qb3 b5 19. a4 Bd7 20. axb5 axb5 21. Rac1 Qa5 22. Qc2 Rfc8 23. Qe2 Kg7 24. b3 Rxc3 25. Rxc3 Qxc3 26. Bxb5 Bc8 27. Ba4 Rb8 28. Qd1 Rb6 29. Re2 Ba6 30. Rc2 Qd3 31. Qc1 g5 32. Rc3 Bf4 33. Qa1 Qe4 34. g3 g4 35. hxg4 fxg4 36. Nh2 Bb8 37. Re3 Qf5 38. Qd1 Rb4 39. Qe1 Rxd4 40. Rxe6 Re4 41. Rxe4 Qxe4 42. Qxe4 dxe4 43. Nxg4 Bd6 44. Ne3 Bc5 45. Bc6 Bd3 46. Nd5 Bd6 47. Ne3 Kg6 48. Bd7 Kg5 49. Kg2 Bc5 50. Be6 Bd6 51. Bc4 Bb1 52. Kf1 f5 53. Ke2 f4 54. gxf4+ Kxf4 55. Nd5+ Kg4 56. Nc3 Bc2 57. Kd2 Bxb3 58. Bxb3 Bb4 59. Bd1+ Kh3 60. Kc2 Bxc3 61. Kxc3 Kg2 62. Kd4 Kxf2 63. Bh5 e3 64. Bg4 e2 65. Bxe2 1/2-1/2

[Event "POL-chT Academic"]
[Site "Chorzow"]
[Date "2022.04.03"]
[Round "8.14"]
[White "Tomaszewski, Kacper"]
[Black "Galuszka, Tomasz"]
[Result "1-0"]
[WhiteElo "2112"]
[BlackElo "1914"]
[PlyCount "85"]
[EventDate "2022.04.02"]
[EventType "team-swiss (rapid)"]
[EventRounds "9"]
[EventCountry "POL"]
[SourceTitle "EXT 2024"]
[Source "ChessBase"]
[SourceDate "2023.10.10"]
[SourceVersion "1"]
[SourceVersionDate "2023.10.10"]
[SourceQuality "1"]

1. d4 d5 2. c4 c6 3. Nc3 Nf6 4. cxd5 cxd5 5. Bg5 Nc6 6. Bxf6 gxf6 7. e3 e6 8. Rc1 Bd7 9. Nf3 Qb6 10. Qd2 Rc8 11. Bd3 f5 12. 0-0 Bd6 13. Na4 Qb4 14. Nc5 Qxd2 15. Nxd2 Nd8 16. Ndb3 Bc6 17. Na5 Ke7 18. Nxc6+ Rxc6 19. b4 b6 20. Na6 f6 21. a3 Rxc1 22. Rxc1 Nf7 23. a4 Ng5 24. a5 Rg8 25. f4 Ne4 26. axb6 axb6 27. Rc6 e5 28. fxe5 fxe5 29. Rxb6 f4 30. Rb7+ Kf6 31. Bxe4 dxe4 32. dxe5+ Kxe5 33. exf4+ Kxf4 34. Nc5 Bxc5+ 35. bxc5 Ra8 36. g3+ Kf3 37. Rf7+ Ke2 38. Rxh7 e3 39. c6 Kd2 40. Rd7+ Ke1 41. c7 Rc8 42. Kg2 e2 43. h4 1-0

[Event "POL-ch Academic"]
[Site "Chorzow"]
[Date "2022.04.01"]
[Round "5"]
[White "Fus, Jakub"]
[Black "Galuszka, Tomasz"]
[Result "1/2-1/2"]
[WhiteElo "2261"]
[BlackElo "1914"]
[PlyCount "90"]
[EventDate "2022.04.01"]
[EventType "swiss (rapid)"]
[EventRounds "9"]
[EventCountry "POL"]
[SourceTitle "EXT 2024"]
[Source "ChessBase"]
[SourceDate "2023.10.10"]
[SourceVersion "1"]
[SourceVersionDate "2023.10.10"]
[SourceQuality "1"]

1. d4 d5 2. c4 c6 3. cxd5 cxd5 4. Bf4 Nc6 5. e3 Nf6 6. Nc3 a6 7. Be2 e6 8. Nf3 Bd6 9. Bg5 0-0 10. 0-0 Bd7 11. Rc1 b5 12. Bd3 Rc8 13. Ne2 Be7 14. Bb1 Ne4 15. Bxe7 Nxe7 16. Nf4 b4 17. Ne5 Bb5 18. Ned3 Ng6 19. Re1 Nxf4 20. Nxf4 Nd6 21. Nd3 Rxc1 22. Qxc1 Bxd3 23. Bxd3 Qb6 24. Qb1 g6 25. Rc1 Rc8 26. Rxc8+ Nxc8 27. Qc2 Na7 28. Qa4 a5 29. Qd7 Kg7 30. g3 Nc6 31. b3 Nd8 32. Bb5 Nb7 33. Bc6 Nd8 34. Ba4 Nb7 35. Qe7 Nd6 36. g4 h6 37. h4 Ne4 38. Be8 Nd6 39. g5 hxg5 40. hxg5 Nxe8 41. Qxe8 Qc7 42. Kg2 Qc2 43. Qd8 Qxa2 44. Qf6+ Kg8 45. Qd8+ Kg7 1/2-1/2

[Event "Ustron op-A"]
[Site "Ustron"]
[Date "2021.08.19"]
[Round "8"]
[White "Galuszka, Tomasz"]
[Black "Chyzy, Jakub"]
[Result "1-0"]
[WhiteElo "2230"]
[BlackElo "2237"]
[PlyCount "77"]
[EventDate "2021.08.13"]
[EventType "swiss"]
[EventRounds "9"]
[EventCountry "POL"]
[SourceTitle "CBM 203 Extra"]
[Source "ChessBase"]
[SourceDate "2021.09.30"]
[SourceVersion "1"]
[SourceVersionDate "2021.09.30"]
[SourceQuality "1"]

1. Nf3 Nf6 2. g3 d5 3. Bg2 Bf5 4. 0-0 e6 5. d3 Be7 6. Nbd2 h6 7. Qe1 0-0 8. e4 Bh7 9. Qe2 c5 10. Ne5 Nc6 11. Nxc6 bxc6 12. b3 Rb8 13. Bb2 a5 14. a4 Nd7 15. f4 Bf6 16. e5 Be7 17. Rac1 Qb6 18. Kh1 Qa6 19. g4 c4 20. dxc4 Nb6 21. f5 exf5 22. gxf5 Bg5 23. Rce1 dxc4 24. Ne4 Nd5 25. Nxg5 hxg5 26. Bc1 Rfe8 27. bxc4 Nc3 28. Qg4 Rb4 29. Qxg5 Qxc4 30. Rf4 Qc5 31. Ba3 f6 32. Bxb4 axb4 33. Qg3 Rxe5 34. Rxe5 fxe5 35. f6 g6 36. Rf1 Ne2 37. Qb3+ Kf8 38. Qe6 Nf4 39. Qd7 1-0

[Event "Ustron op-A"]
[Site "Ustron"]
[Date "2021.08.16"]
[Round "5"]
[White "Kacprzak, Karol1111"]
[Black "Galuszka, Tomasz"]
[Result "1-0"]
[WhiteElo "2210"]
[BlackElo "2230"]
[PlyCount "77"]
[EventDate "2021.08.13"]
[EventType "swiss"]
[EventRounds "9"]
[EventCountry "POL"]
[SourceTitle "CBM 203 Extra"]
[Source "ChessBase"]
[SourceDate "2021.09.30"]
[SourceVersion "1"]
[SourceVersionDate "2021.09.30"]
[SourceQuality "1"]

1. e4 d5 2. exd5 Nf6 3. d4 Bg4 4. Nf3 Qxd5 5. Be2 e6 6. c4 Qa5+ 7. Nc3 Ne4 8. 0-0 Nxc3 9. bxc3 Be7 10. Rb1 0-0 11. Rxb7 Qxa2 12. Rxc7 Bd6 13. Rb7 Nc6 14. Rb2 Qa5 15. c5 Be7 16. Qc2 Bf5 17. Bd3 Bxd3 18. Qxd3 Rfd8 19. Qe4 Rac8 20. Bd2 Qa4 21. Qe2 h6 22. Rfb1 Bf6 23. Bf4 Ne7 24. Be5 Nd5 25. Qd3 Qc6 26. Ra2 Rd7 27. Ra6 Qa8 28. Qb5 Rdd8 29. Qa5 Bxe5 30. Nxe5 Nf4 31. c6 Rd5 32. Qa3 Rc7 33. Rab6 Rd8 34. Rb7 Rdc8 35. Qa5 Nd5 36. c4 Nb6 37. Rxc7 Rxc7 38. Rxb6 f6 39. Nd7 1-0

[Event "Ustron op-A"]
[Site "Ustron"]
[Date "2021.08.14"]
[Round "3"]
[White "Paprocki, Jaroslaw"]
[Black "Galuszka, Tomasz"]
[Result "1/2-1/2"]
[WhiteElo "2209"]
[BlackElo "2230"]
[PlyCount "75"]
[EventDate "2021.08.13"]
[EventType "swiss"]
[EventRounds "9"]
[EventCountry "POL"]
[SourceTitle "CBM 203 Extra"]
[Source "ChessBase"]
[SourceDate "2021.09.30"]
[SourceVersion "1"]
[SourceVersionDate "2021.09.30"]
[SourceQuality "1"]

1. d4 d5 2. c4 c6 3. Nf3 Nf6 4. Nc3 e6 5. e3 Nbd7 6. Qc2 Bd6 7. g4 h6 8. Rg1 e5 9. cxd5 cxd5 10. Nb5 Bb8 11. dxe5 Nxe5 12. Nxe5 Bxe5 13. h3 a6 14. Nd4 Bd7 15. Bd3 Qb6 16. Bd2 Rc8 17. Bc3 0-0 18. Qb3 Qxb3 19. axb3 Ne4 20. Bxe4 dxe4 21. Ne2 Bh2 22. Rh1 Bb8 23. Nd4 Be5 24. Ne2 Bc7 25. 0-0-0 Rfd8 26. Rhg1 Bh2 27. Rh1 Be5 28. Rd5 Bb5 29. Rhd1 Rxd5 30. Rxd5 Bxe2 31. Rxe5 Bd3 32. h4 b5 33. b4 f6 34. Rc5 Rxc5 35. bxc5 Kf7 36. g5 hxg5 37. hxg5 fxg5 38. Kd2 1/2-1/2

[Event "Katowice POL-HUN 9th"]
[Site "Katowice"]
[Date "2021.07.03"]
[Round "5"]
[White "Galuszka, Tomasz"]
[Black "Godzwon, Iwo"]
[Result "0-1"]
[WhiteElo "2230"]
[BlackElo "2375"]
[PlyCount "66"]
[EventDate "2021.07.03"]
[EventType "swiss (rapid)"]
[EventRounds "9"]
[EventCountry "POL"]
[SourceTitle "CBM 203 Extra"]
[Source "ChessBase"]
[SourceDate "2021.09.30"]
[SourceVersion "1"]
[SourceVersionDate "2021.09.30"]
[SourceQuality "1"]

1. e4 Nf6 2. e5 Nd5 3. d4 d6 4. exd6 cxd6 5. Nf3 g6 6. c4 Nb6 7. Nc3 Bg4 8. Be3 Bg7 9. Rc1 0-0 10. b3 d5 11. c5 Nc8 12. Be2 Nc6 13. 0-0 e6 14. h3 Bxf3 15. Bxf3 N8e7 16. g4 f5 17. Ne2 e5 18. dxe5 Nxe5 19. Nd4 Qd7 20. gxf5 Nxf5 21. Nxf5 Nxf3+ 22. Qxf3 Rxf5 23. Qg2 d4 24. Bd2 Re8 25. c6 bxc6 26. Qxc6 Qf7 27. Qc4 Rd5 28. Rce1 Red8 29. Re4 Bf6 30. Rfe1 Kg7 31. Qc1 h5 32. Re6 Rf5 33. Qc4 Bh4 0-1

[Event "POL-chT 2nd League"]
[Site "Poronin"]
[Date "2020.09.12"]
[Round "8.2"]
[White "Galuszka, Tomasz"]
[Black "Bielczyk, Jacek"]
[Result "1-0"]
[WhiteElo "2197"]
[BlackElo "2277"]
[PlyCount "137"]
[EventDate "2020.09.05"]
[EventType "team-swiss"]
[EventRounds "9"]
[EventCountry "POL"]
[SourceTitle "CBM 198 Extra"]
[Source "ChessBase"]
[SourceDate "2020.11.30"]
[SourceVersion "1"]
[SourceVersionDate "2020.11.30"]
[SourceQuality "1"]
[WhiteTeam "Jastrzebie Zdroj Pionier"]
[BlackTeam "Chrzanow Olimpijczyk"]
[WhiteTeamCountry "POL"]
[BlackTeamCountry "POL"]

1. e4 c5 2. Nf3 Nc6 3. d4 cxd4 4. Nxd4 Nf6 5. Nc3 d6 6. h3 e6 7. g4 a6 8. Bg2 Nd7 9. Be3 Qc7 10. Qe2 Na5 11. 0-0-0 Nb6 12. e5 d5 13. Nf5 Nac4 14. Nd6+ Bxd6 15. exd6 Qxd6 16. Nxd5 Qe5 17. Nc3 Nxe3 18. Qxe3 Qxe3+ 19. fxe3 Ke7 20. Rd4 Nd7 21. Rhd1 Ra7 22. a4 Ne5 23. a5 Bd7 24. Na4 Bc6 25. Bxc6 bxc6 26. Nc5 h5 27. g5 f6 28. Rd6 Kf7 29. gxf6 gxf6 30. Rxe6 Re8 31. Rxe8 Kxe8 32. b4 Ra8 33. Rd4 Kf7 34. Kb2 Kg6 35. Kc3 Nf3 36. Rd1 h4 37. Rd6 Ng5 38. e4 Re8 39. Rxc6 Nxh3 40. Nd7 Ng5 41. Nxf6 Re6 42. Rxe6 Nxe6 43. Ng4 Kg5 44. Nf2 Kf4 45. b5 axb5 46. a6 Nc7 47. a7 Ke5 48. Kd3 Kd6 49. Kd4 Kc6 50. Ke5 Kb7 51. Kd6 Ne8+ 52. Ke7 Nc7 53. Kd7 Na6 54. e5 Kxa7 55. Kc6 Nb4+ 56. Kc5 Na6+ 57. Kxb5 Kb7 58. Nh3 Nb8 59. Kc5 Kc7 60. Kd5 Kd7 61. e6+ Ke7 62. Nf4 Na6 63. Ng6+ Kf6 64. Kd6 h3 65. e7 Kf7 66. Ne5+ Ke8 67. Ng4 Kf7 68. c3 Ke8 69. Nf6+ 1-0

[Event "POL-chT 2nd League"]
[Site "Poronin"]
[Date "2020.09.10"]
[Round "6.4"]
[White "Galuszka, Tomasz"]
[Black "Kopacz, Grzegorz"]
[Result "1-0"]
[WhiteElo "2197"]
[BlackElo "2106"]
[PlyCount "113"]
[EventDate "2020.09.05"]
[EventType "team-swiss"]
[EventRounds "9"]
[EventCountry "POL"]
[SourceTitle "CBM 198 Extra"]
[Source "ChessBase"]
[SourceDate "2020.11.30"]
[SourceVersion "1"]
[SourceVersionDate "2020.11.30"]
[SourceQuality "1"]
[WhiteTeam "Jastrzebie Zdroj Pionier"]
[BlackTeam "Sedziszow Spoldzielczy"]
[WhiteTeamCountry "POL"]
[BlackTeamCountry "POL"]

1. e4 c5 2. Nf3 d6 3. d4 cxd4 4. Nxd4 Nf6 5. Nc3 g6 6. Be3 Bg7 7. Bc4 0-0 8. h3 Nc6 9. 0-0 Nxd4 10. Bxd4 Be6 11. Bxe6 fxe6 12. e5 dxe5 13. Bxe5 Qxd1 14. Raxd1 Rad8 15. Nb5 Rd5 16. Rxd5 exd5 17. Nc7 Rd8 18. Ne6 Rc8 19. c3 Rc6 20. Nxg7 Kxg7 21. Rd1 Ra6 22. Rxd5 Kf7 23. Rb5 b6 24. a3 Ra4 25. f3 Ke6 26. Bxf6 exf6 27. Kf2 h5 28. Ke3 Kd6 29. Kd3 Rf4 30. c4 Kc6 31. Rd5 a6 32. b4 g5 33. Rd4 Rf5 34. Re4 h4 35. Re6+ Kc7 36. Ke4 Rf4+ 37. Kd5 Rf5+ 38. Kd4 Rf4+ 39. Re4 Rf5 40. c5 a5 41. Re7+ Kd8 42. Rf7 axb4 43. axb4 bxc5+ 44. bxc5 Ke8 45. Ra7 Re5 46. Ra3 Kd7 47. Re3 Rf5 48. Kc4 Kc6 49. Re6+ Kd7 50. Rd6+ Kc7 51. Rd5 Rf4+ 52. Rd4 Rf5 53. Kb5 Re5 54. Re4 Rd5 55. Re7+ Kd8 56. Re6 Rd2 57. Rd6+ 1-0